| 000 | 00697nab a2200217 ab4500 | ||
|---|---|---|---|
| 005 | 20260226144038.0 | ||
| 008 | 991125d2006 ag ar p 000 spa d | ||
| 003 | |||
| 035 | _aUPN01000176823 | ||
| 040 |
_aMX-MxUPN _bspa _cMX-MxUPN _eaacr |
||
| 100 | 1 | _aLazar, Ross | |
| 100 | 1 | _aRoepke, Christine | |
| 100 | 1 | _aErmann, Gisela | |
| 245 | 1 |
_aAprender a ser : _bobservación de un bebé prematuro |
|
| 653 | 0 | _aBebés prematuros | |
| 653 | 0 | _aPsicología infantil | |
| 773 |
_gVol. 5, (2006), p. 25-50 _tObservación de lactantes : revista internacional de observación de lactantes y sus aplicaciones _x1515-369X |
||
| 902 | _baLeonor Sotres/260226 | ||
| 905 | _aArticulo | ||
| 942 | _cAI | ||
| 999 |
_c148926 _d148926 |
||